<?xml version="1.0" encoding="UTF-8"?>
<record
    xmlns:xsi="http://www.w3.org/2001/XMLSchema-instance"
    xsi:schemaLocation="http://www.loc.gov/MARC21/slim http://www.loc.gov/standards/marcxml/schema/MARC21slim.xsd"
    xmlns="http://www.loc.gov/MARC21/slim">

  <leader>01465cam a22003857a 4500</leader>
  <controlfield tag="001">17284619</controlfield>
  <controlfield tag="003">OSt</controlfield>
  <controlfield tag="005">20160920020005.0</controlfield>
  <controlfield tag="008">120503s2012    ncua     b    001 0 eng d</controlfield>
  <datafield tag="010" ind1=" " ind2=" ">
    <subfield code="a">  2011277206</subfield>
  </datafield>
  <datafield tag="016" ind1="7" ind2=" ">
    <subfield code="a">015904430</subfield>
    <subfield code="2">Uk</subfield>
  </datafield>
  <datafield tag="020" ind1=" " ind2=" ">
    <subfield code="a">9781934356838</subfield>
  </datafield>
  <datafield tag="020" ind1=" " ind2=" ">
    <subfield code="a">1934356832</subfield>
  </datafield>
  <datafield tag="035" ind1=" " ind2=" ">
    <subfield code="a">(OCoLC)ocn748331159</subfield>
  </datafield>
  <datafield tag="040" ind1=" " ind2=" ">
    <subfield code="a">BTCTA</subfield>
    <subfield code="b">eng</subfield>
    <subfield code="c">BTCTA</subfield>
    <subfield code="d">UKMGB</subfield>
    <subfield code="d">SA$</subfield>
    <subfield code="d">YDXCP</subfield>
    <subfield code="d">IAD</subfield>
    <subfield code="d">BDX</subfield>
    <subfield code="d">BWX</subfield>
    <subfield code="d">ORX</subfield>
    <subfield code="d">G7G</subfield>
    <subfield code="d">ZWZ</subfield>
    <subfield code="d">WAU</subfield>
    <subfield code="d">OCLCF</subfield>
    <subfield code="d">DLC</subfield>
  </datafield>
  <datafield tag="042" ind1=" " ind2=" ">
    <subfield code="a">lccopycat</subfield>
  </datafield>
  <datafield tag="050" ind1="0" ind2="0">
    <subfield code="a">TK5105.888</subfield>
    <subfield code="b">.W3722 2012</subfield>
  </datafield>
  <datafield tag="082" ind1="0" ind2="4">
    <subfield code="a">006.7/6</subfield>
    <subfield code="2">23</subfield>
  </datafield>
  <datafield tag="245" ind1="0" ind2="0">
    <subfield code="a">Web development recipes /</subfield>
    <subfield code="c">Brian P. Hogan ... [et al.].</subfield>
  </datafield>
  <datafield tag="260" ind1=" " ind2=" ">
    <subfield code="a">Dallas, Tex. :</subfield>
    <subfield code="b">Pragmatic Bookshelf,</subfield>
    <subfield code="c">2012.</subfield>
  </datafield>
  <datafield tag="300" ind1=" " ind2=" ">
    <subfield code="a">xv, 321 p. :</subfield>
    <subfield code="b">ill. ;</subfield>
    <subfield code="c">23 cm.</subfield>
  </datafield>
  <datafield tag="490" ind1="1" ind2=" ">
    <subfield code="a">Pragmatic programmers</subfield>
  </datafield>
  <datafield tag="504" ind1=" " ind2=" ">
    <subfield code="a">Includes bibliographical references (p. [309]) and index.</subfield>
  </datafield>
  <datafield tag="505" ind1="0" ind2=" ">
    <subfield code="a">Eye-candy recipes -- User interface recipes -- Data recipes -- Mobile recipes -- Workflow recipes -- Testing recipes -- Hosting and deployment recipes.</subfield>
  </datafield>
  <datafield tag="650" ind1=" " ind2="0">
    <subfield code="a">Web site development.</subfield>
    <subfield code="9">27161</subfield>
  </datafield>
  <datafield tag="650" ind1=" " ind2="0">
    <subfield code="a">Web sites</subfield>
    <subfield code="x">Design.</subfield>
    <subfield code="9">27162</subfield>
  </datafield>
  <datafield tag="650" ind1=" " ind2="7">
    <subfield code="a">Web site development.</subfield>
    <subfield code="2">fast</subfield>
    <subfield code="9">27163</subfield>
  </datafield>
  <datafield tag="650" ind1=" " ind2="7">
    <subfield code="a">Web sites</subfield>
    <subfield code="x">Design.</subfield>
    <subfield code="2">fast</subfield>
    <subfield code="9">27164</subfield>
  </datafield>
  <datafield tag="700" ind1="1" ind2=" ">
    <subfield code="a">Hogan, Brian P.</subfield>
    <subfield code="9">27165</subfield>
  </datafield>
  <datafield tag="830" ind1=" " ind2="0">
    <subfield code="a">Pragmatic programmers.</subfield>
    <subfield code="9">27166</subfield>
  </datafield>
  <datafield tag="906" ind1=" " ind2=" ">
    <subfield code="a">7</subfield>
    <subfield code="b">cbc</subfield>
    <subfield code="c">copycat</subfield>
    <subfield code="d">2</subfield>
    <subfield code="e">ncip</subfield>
    <subfield code="f">20</subfield>
    <subfield code="g">y-gencatlg</subfield>
  </datafield>
  <datafield tag="942" ind1=" " ind2=" ">
    <subfield code="2">lcc</subfield>
    <subfield code="c">BK</subfield>
    <subfield code="0">4</subfield>
  </datafield>
  <datafield tag="999" ind1=" " ind2=" ">
    <subfield code="c">59119</subfield>
    <subfield code="d">59093</subfield>
  </datafield>
  <datafield tag="952" ind1=" " ind2=" ">
    <subfield code="0">0</subfield>
    <subfield code="1">0</subfield>
    <subfield code="2">lcc</subfield>
    <subfield code="4">0</subfield>
    <subfield code="7">0</subfield>
    <subfield code="8">GEN</subfield>
    <subfield code="a">CPL</subfield>
    <subfield code="b">CPL</subfield>
    <subfield code="c">GEN</subfield>
    <subfield code="d">2014-05-23</subfield>
    <subfield code="e">Purchase -TBN</subfield>
    <subfield code="g">19.98</subfield>
    <subfield code="l">4</subfield>
    <subfield code="o">TK 5105.888.W3722 2012</subfield>
    <subfield code="p">R29145A3232</subfield>
    <subfield code="r">2022-10-11 00:00:00</subfield>
    <subfield code="s">2022-09-22</subfield>
    <subfield code="t">1</subfield>
    <subfield code="w">2014-05-23</subfield>
    <subfield code="y">BK</subfield>
  </datafield>
  <datafield tag="952" ind1=" " ind2=" ">
    <subfield code="0">0</subfield>
    <subfield code="1">0</subfield>
    <subfield code="2">lcc</subfield>
    <subfield code="4">0</subfield>
    <subfield code="7">0</subfield>
    <subfield code="8">GEN</subfield>
    <subfield code="a">CPL</subfield>
    <subfield code="b">CPL</subfield>
    <subfield code="c">GEN</subfield>
    <subfield code="d">2014-05-23</subfield>
    <subfield code="e">Purchase -TBN</subfield>
    <subfield code="g">19.44</subfield>
    <subfield code="l">1</subfield>
    <subfield code="o">TK 5105.888.W3722 2012</subfield>
    <subfield code="p">R29146J3232</subfield>
    <subfield code="r">2019-09-26 00:00:00</subfield>
    <subfield code="s">2015-03-13</subfield>
    <subfield code="t">2</subfield>
    <subfield code="w">2014-05-23</subfield>
    <subfield code="y">BK</subfield>
  </datafield>
</record>
